000 00519nam a2200181Ia 4500
008 090124s9999 xx 000 0 und d
082 _b29571
100 _aवैद्य सुरेश
245 _a प्रियतमा
250 _a1
260 _bदिलीप प्रकाशन
_c1991
300 _a201
600 _aवैद्य सुरेश
630 _a प्रियतमा
700 _aवैद्य सुरेश
730 _a प्रियतमा
942 _cBOOK
999 _c94788
_d94788